| 000 | nam a22 7a 4500 | ||
|---|---|---|---|
| 999 |
_c153834 _d153832 |
||
| 005 | 20200123113309.0 | ||
| 008 | 200123b mx ||||| |||| 00| 0 spa d | ||
| 020 | _a9703216919 | ||
| 050 | 0 | 4 |
_aKGF3019 _bC54 2004 |
| 100 | 1 | _aCienfuegos Salgado, David | |
| 245 | 1 | 3 |
_aEl derecho de petición en México _c/ David Cienfuegos Salgado ; prólogo de Jesús González Pérez. |
| 250 | _a1. ed. | ||
| 260 |
_aMexico : _bUniversidad Nacional Autónoma de México, _c2004. |
||
| 300 |
_axxi, 305 p. ; _c22 cm. |
||
| 490 | 0 |
_aDoctrina Jurídica ; _v182 |
|
| 504 | _aBibliografía : p. 297-305 | ||
| 650 | 7 |
_aPetición, derecho _zMéxico |
|
| 700 | 1 |
_aGonzález Pérez, Jesús, _eprólogo |
|
| 942 |
_2lcc _cLIB |
||